| 000 | 00782cam a22002413a 4500 | ||
|---|---|---|---|
| 001 | 39654 | ||
| 003 | PGUSA | ||
| 005 | 20140828083900.0 | ||
| 008 | 120508s2012||||xxu|||||s|||||000 | eng d | ||
| 040 |
_aPGUSA _beng |
||
| 042 | _adc | ||
| 050 | 4 | _aDP | |
| 100 | 1 |
_aDozy, Reinhart Pieter Anne, _d1820-1883 |
|
| 245 | 1 | 0 |
_aHistoire des Musulmans d'Espagne, t. 1/4 : _bjusqu'à la conquête de l'Andalouisie par les Almoravides (711-1100) _h[electronic resource] / _cReinhart Pieter Anne Dozy |
| 260 |
_bProject Gutenberg, _c2012 |
||
| 506 | _aPublic domain in the USA. | ||
| 516 | _aElectronic text | ||
| 653 | _aArabs -- Spain | ||
| 653 | _aSpain -- History -- 711-1516 | ||
| 830 | 0 |
_aProject Gutenberg _v39654 |
|
| 856 | 4 | 0 | _uhttp://www.gutenberg.org/ebooks/39654 |
| 942 | _cEB | ||
| 999 |
_c268907 _d268907 |
||